Petroleum technology development journal (Record no. 38606)

MARC details
000 -LEADER
fixed length control field 00576nam a2200169Ia 4500
022 ## - INTERNATIONAL STANDARD SERIAL NUMBER
ISSN 15959104
050 ## - CALL MARK
Classification number HD 9576. N5 P48/
245 #0 - TITLE STATEMENT
Title Petroleum technology development journal
260 ## - PUBLICATION, DISTRIBUTION, ETC. (IMPRINT)
Place of publication Garki Abuja, FCT.
260 ## - PUBLICATION, DISTRIBUTION, ETC. (IMPRINT)
Name of publisher Petroleum Technology Development Fund
260 ## - PUBLICATION, DISTRIBUTION, ETC. (IMPRINT)
Year of publication 2014
300 ## - PHYSICAL DESCRIPTION
Number of Pages v, 101 p. : color ill. 25 cm.
650 ## - SUBJECT ADDED ENTRY--TOPICAL TERM
Topical Term Petroleum industry and trade--Nigeria--Periodicals. Petroleum--Nigeria--Periodicals. Petroleum workers--Training of--Periodicals.
942 ## - ADDED ENTRY ELEMENTS (KOHA)
Koha item type Serials

No items available.